| 000 | 01054nam a22002657a 4500 | ||
|---|---|---|---|
| 003 | BD-DhSAU | ||
| 005 | 20190409115812.0 | ||
| 008 | 150819b2013 bg ||||| |||| 00| 0 eng d | ||
| 040 | _aBD-DhSAU | ||
| 082 |
_222 _a630 _bR211 |
||
| 100 |
_aRay, Dolon Chandra _eRegistration No. # 11-04702 |
||
| 245 |
_aGrowth and yield pattern of blackgram as affected by different nitrogen application methods / _bMS thesis |
||
| 260 |
_aSher-e- Bangla Agricultural University : _bDepartment of Agronomy, _c2013 |
||
| 300 |
_aix, 59 p. : _bill. ; _c30 cm. |
||
| 500 | _aMS thesis of Department of Horticulture and Postharvest Technology, Faculty of Agriculture, Sher-e-Bangla Agricultural University, Dhaka, Bangladesh | ||
| 590 | _aMd. Sirajul Islam | ||
| 650 | _aAgronomy | ||
| 650 | _aGrowth | ||
| 650 | _aYield pattren | ||
| 650 | _aNitrogen | ||
| 700 |
_aKarim, Md. Fazlul _eSupervisor |
||
| 700 |
_aIslam, Md. Shahidul _eCo-Supervisor |
||
| 856 |
_uhttp://10.10.0.126:8080/xmlui/handle/123456789/2366 _yOnline Access |
||
| 942 |
_2ddc _cTHESIS |
||
| 999 |
_c10828 _d10827 |
||